[Event "Mechanics' Summer TNM; G/2"]
[Site "San Francisco"]
[Date "2016.05.31"]
[Round "2.37"]
[White "Cowgill, Jackie"]
[Black "Eastham, Asher Dan"]
[Result "0-1"]
[WhiteElo "964"]
[BlackElo "1576"]
[PlyCount "52"]
[EventDate "2016.??.??"]

1. e4 e5 2. Nf3 Nc6 3. Bb5 a6 4. Ba4 Nf6 5. O-O Nxe4 6. d4 b5 7. Bb3 d5 8. c3
Be6 9. Re1 Be7 10. Nbd2 f5 11. Nxe5 Nxe5 12. dxe5 O-O 13. Nf3 c5 14. Bc2 Kh8
15. a4 Qd7 16. Bf4 Rad8 17. h4 Bg8 18. h5 Qe8 19. h6 g5 20. Nxg5 Bxg5 21. f3
Bxf4 22. fxe4 fxe4 23. Qg4 Bxe5 24. axb5 Qg6 25. Qe2 Qxh6 26. Rxa6 Qh2# 0-1

[Event "Mechanics' Alan Benson TNM; G/2"]
[Site "San Francisco"]
[Date "2016.09.13"]
[Round "7.41"]
[White "Cowgill, Jackie"]
[Black "Enkh, Tergelsar"]
[Result "0-1"]
[WhiteElo "991"]
[BlackElo "1208"]
[PlyCount "54"]
[EventDate "2016.??.??"]

1. e4 e5 2. Nf3 Nc6 3. Bb5 a6 4. Ba4 Nf6 5. O-O Be7 6. Re1 b5 7. Bb3 O-O 8. c3
d6 9. h3 Bb7 10. Bc2 Na5 11. d3 c5 12. Nbd2 Rc8 13. a3 Nc6 14. Nf1 Qd7 15. Ng3
h6 16. Qd2 Rfd8 17. b4 cxb4 18. cxb4 d5 19. Nf5 dxe4 20. Nxh6+ gxh6 21. Qxh6
exf3 22. Bb3 Qf5 23. Bg5 Nd4 24. g4 Nxg4 25. Bxe7 Nxh6 26. Bxd8 Qg6+ 27. Kh1
Qg2# 0-1

[Event "Mechanics' Fall TNM; G/2"]
[Site "San Francisco"]
[Date "2016.11.01"]
[Round "3.45"]
[White "Cowgill, Jackie"]
[Black "Enkh, Tergelsar"]
[Result "0-1"]
[WhiteElo "936"]
[BlackElo "1307"]
[PlyCount "60"]
[EventDate "2016.??.??"]

1. e4 e5 2. Nf3 Nc6 3. Bb5 a6 4. Ba4 Nf6 5. O-O b5 6. Bb3 Be7 7. Re1 d6 8. c3
Bg4 9. d4 Bxf3 10. Qxf3 exd4 11. e5 Nxe5 12. Qd1 dxc3 13. Nxc3 O-O 14. Nd5 Re8
15. Nxe7+ Qxe7 16. h3 Nf3+ 17. gxf3 Qxe1+ 18. Qxe1 Rxe1+ 19. Kg2 d5 20. a3 d4
21. Bc2 Rd8 22. Bd3 c5 23. Rb1 c4 24. Bg5 Rxb1 25. Bxb1 d3 26. Bd2 Nd7 27. Bxd3
cxd3 28. b4 Ne5 29. f4 Nc4 30. Bc3 d2 0-1

[Event "Mechanics' Spring TNM; G/2"]
[Site "San Francisco"]
[Date "2016.04.19"]
[Round "6.51"]
[White "Cowgill, Jackie"]
[Black "Harris, William"]
[Result "0-1"]
[WhiteElo "956"]
[BlackElo "596"]
[PlyCount "36"]
[EventDate "2016.??.??"]

1. e4 e5 2. Nf3 Nc6 3. Bb5 a6 4. Ba4 b5 5. Bb3 h6 6. c3 Nf6 7. O-O d6 8. h3 g5
9. d4 g4 10. Nh4 Rg8 11. Nf5 Nxe4 12. Bxf7+ Kxf7 13. Nxh6+ Bxh6 14. Bxh6 gxh3
15. Qh5+ Rg6 16. g3 Bg4 17. Bg5 Qxg5 18. Qxg5 Nxg5 0-1

[Event "Mechanics' Summer TNM; G/2"]
[Site "San Francisco"]
[Date "2016.07.12"]
[Round "8.41"]
[White "Cowgill, Jackie"]
[Black "Hilliard, Michael"]
[Result "0-1"]
[WhiteElo "964"]
[BlackElo "1406"]
[PlyCount "64"]
[EventDate "2016.??.??"]

1. e4 c6 2. d4 d5 3. exd5 cxd5 4. c4 Nf6 5. Nc3 Bf5 6. Nf3 h6 7. Be2 e6 8. Ne5
Nc6 9. Be3 Bd6 10. O-O O-O 11. c5 Bxe5 12. dxe5 Nxe5 13. f4 Nc6 14. Bf3 b6 15.
a3 bxc5 16. Bxc5 Re8 17. Nb5 Qa5 18. Nd6 Qxc5+ 19. Kh1 Qxd6 20. Be2 a5 21. Rc1
Rab8 22. Qa4 Rec8 23. Bb5 Na7 24. Be2 Qb6 25. b4 axb4 26. axb4 Rxc1 27. Rxc1
Nb5 28. Rc5 Nd4 29. Rb5 Nxb5 30. Qa1 Qd4 31. Qa5 Qf2 32. Qa1 Qxe2 0-1

[Event "Mechanics' Alan Benson TNM; G/2"]
[Site "San Francisco"]
[Date "2016.08.02"]
[Round "1.31"]
[White "Cowgill, Jackie"]
[Black "Jensen, Christian"]
[Result "0-1"]
[WhiteElo "991"]
[BlackElo "1841"]
[PlyCount "62"]
[EventDate "2016.??.??"]

1. e4 c5 2. c4 d6 3. Nf3 Nf6 4. h3 g6 5. Be2 Bg7 6. O-O Nxe4 7. Nc3 Nxc3 8.
dxc3 O-O 9. Be3 Nc6 10. Qd2 b6 11. Rad1 a5 12. Ng5 Qc7 13. Bf3 Bb7 14. Ne4 Ne5
15. Bh6 Nxc4 16. Qc1 Ne5 17. Bh5 Bxe4 18. Bxg7 Kxg7 19. Be2 c4 20. h4 Nd3 21.
Bxd3 Bxd3 22. Rfe1 d5 23. h5 Rae8 24. Qe3 e5 25. h6+ Kg8 26. Qg3 f5 27. f4 exf4
28. Qf2 Qc5 29. Qxc5 bxc5 30. b4 cxb4 31. Rc1 bxc3 0-1

[Event "Mechanics' Fall TNM; G/2"]
[Site "San Francisco"]
[Date "2016.12.06"]
[Round "8.44"]
[White "Cowgill, Jackie"]
[Black "Trapani, Nick Leon"]
[Result "1-0"]
[WhiteElo "936"]
[BlackElo "1132"]
[PlyCount "57"]
[EventDate "2016.??.??"]

1. e4 e5 2. Nf3 Nc6 3. Bb5 Nf6 4. O-O a6 5. Ba4 Be7 6. Re1 b5 7. Bb3 O-O 8. c3
d6 9. h3 Na5 10. Bc2 Be6 11. d4 Nc6 $2 12. d5 Bd7 13. dxc6 Bxc6 14. Nbd2 d5 15.
b4 d4 16. cxd4 exd4 17. a3 Nd7 18. Nf1 Nb6 19. Nxd4 Bf6 20. Be3 Re8 21. Nxc6
Bxa1 22. Nxd8 Rexd8 23. Qxa1 Nc4 24. Bc5 Rd7 25. Ne3 Rd2 26. Nxc4 Rxc2 27. Ne3
Rd2 28. Rd1 Re2 29. Qe5 1-0

[Event "Mechanics' Spring TNM; G/2"]
[Site "San Francisco"]
[Date "2016.03.22"]
[Round "2.39"]
[White "Cowgill, Jackie"]
[Black "Yamamoto, Craig"]
[Result "0-1"]
[WhiteElo "956"]
[BlackElo "1617"]
[Annotator "Donaldson"]
[PlyCount "72"]
[EventDate "2016.??.??"]

1. e4 c5 2. Nf3 d6 3. d4 cxd4 4. Nxd4 Nf6 5. Nc3 a6 6. Be3 e6 7. Qd2 Nc6 8.
O-O-O Be7 9. f3 O-O 10. g4 Ne5 11. Qe2 Nc6 12. Nb3 Bd7 13. g5 Ne8 14. h4 Qc7
15. Kb1 b5 16. Qf2 Rb8 17. h5 Ne5 18. h6 g6 19. Bh3 b4 20. Bd4 $2 (20. Ne2 $11)
20... bxc3 21. Bxc3 Nc6 22. Bg7 f6 $2 (22... Nxg7 23. hxg7 Kxg7 $19) 23. Bxf8
Kxf8 24. f4 f5 $2 25. exf5 exf5 26. Nd4 $2 (26. Rhe1) 26... Nd8 $2 (26... Qb6
$19) 27. Nxf5 $2 (27. Rhe1) 27... Bxf5 28. Qd4 Kg8 (28... Qxc2+ 29. Ka1 Kg8)
29. Bxf5 Qc5 $2 30. Bxg6 Qxd4 31. Rxd4 (31. Bxh7+ $1 Kxh7 32. Rxd4 $14) 31...
hxg6 32. h7+ $2 (32. Re1) 32... Kh8 33. Re4 Nc6 34. Re6 Ng7 35. Rxg6 Re8 36. f5
$2 (36. c3) 36... Ne5 {Black won. The remaining moves are unavailable.} 0-1

[Event "Mechanics' Spring TNM; G/2"]
[Site "San Francisco"]
[Date "2016.03.22"]
[Round "2.1"]
[White "Critelli, James Ma"]
[Black "Andries, W Craig"]
[Result "1-0"]
[WhiteElo "2366"]
[BlackElo "1862"]
[PlyCount "75"]
[EventDate "2016.??.??"]

1. e4 d6 2. d4 Nf6 3. Nc3 g6 4. Be3 c6 5. f3 Qb6 6. b3 Nbd7 7. Qd2 Qa5 8. Nge2
h5 9. O-O-O a6 10. Kb1 Qc7 11. f4 b5 12. e5 Ng4 13. exd6 exd6 14. f5 Ndf6 15.
h3 Nxe3 16. Qxe3+ Qe7 17. Qf3 d5 18. fxg6 fxg6 19. Nf4 Bf5 20. Bd3 Ne4 {
Diagram [#]} 21. Ncxd5 $1 cxd5 22. Nxd5 Ng5 23. Nxe7 Nxf3 24. Nxf5 gxf5 25.
gxf3 f4 26. Bg6+ Ke7 27. c3 Kf6 28. Rhg1 Bd6 29. Kc2 Ra7 30. Be4 Rh6 31. Rg8
Rg7 32. Rxg7 Kxg7 33. Rg1+ Kf8 34. c4 bxc4 35. bxc4 Kf7 36. c5 Be7 37. Kc3 a5
38. Kc4 {and White won in a few more moves.} 1-0

[Event "Mechanics' Winter TNM; G/2"]
[Site "San Francisco"]
[Date "2016.01.19"]
[Round "3.6"]
[White "Critelli, James Ma"]
[Black "Gomez, David Flores"]
[Result "1-0"]
[WhiteElo "2366"]
[BlackElo "1826"]
[PlyCount "53"]
[EventDate "2016.??.??"]

1. c4 Nf6 2. Nc3 g6 3. g3 Bg7 4. Bg2 O-O 5. Nf3 d6 6. d4 c6 7. O-O Nbd7 8. d5
Nb6 9. dxc6 Nxc4 10. Nd4 Rb8 11. Qa4 Nb6 12. Qxa7 Ra8 13. cxb7 Rxa7 14. b8=Q
Nfd7 15. Qxa7 Bxd4 16. Qa5 Ne5 17. e3 Nec4 18. Qb4 Bc5 19. Qb3 Be6 20. Qc2 Qd7
21. a3 Bh3 22. Bxh3 Qxh3 23. b4 Ne5 24. f4 Bxe3+ 25. Bxe3 Nbc4 26. Bd4 Ng4 27.
Qg2 1-0

[Event "Mechanics' Spring TNM; G/2"]
[Site "San Francisco"]
[Date "2016.04.26"]
[Round "7.2"]
[White "Critelli, James Ma"]
[Black "Shakhnazarov, Oleg"]
[Result "1-0"]
[WhiteElo "2366"]
[BlackElo "2139"]
[PlyCount "44"]
[EventDate "2016.??.??"]

1. e4 e5 2. Nf3 Nc6 3. Bb5 a6 4. Ba4 Nf6 5. Qe2 b5 6. Bb3 Be7 7. c3 d6 8. O-O
O-O 9. d4 Bg4 10. Rd1 Qc8 11. Be3 Na5 12. Bc2 Nc4 13. Bc1 c5 14. d5 Nxe4 15.
Bxe4 f5 16. Bd3 e4 17. Bxc4 bxc4 18. Qe1 Qe8 19. h3 Bh5 20. Na3 exf3 21. g3 Qa4
22. Be3 Rae8 {and White went to win. Remaining moves unavailable.} 1-0

[Event "Mechanics' Winter TNM; G/2"]
[Site "San Francisco"]
[Date "2016.02.16"]
[Round "7.1"]
[White "Critelli, James Ma"]
[Black "Stearman, Josiah P"]
[Result "1/2-1/2"]
[WhiteElo "2366"]
[BlackElo "2203"]
[PlyCount "71"]
[EventDate "2016.??.??"]

1. e4 c5 2. b3 e6 3. Nf3 b6 4. Nc3 Bb7 5. Bb2 d6 6. d4 cxd4 7. Nxd4 a6 8. Qe2
Nf6 9. O-O-O Nbd7 10. f4 Qc7 11. g4 h6 12. g5 hxg5 13. fxg5 Nh5 14. g6 Ne5 15.
gxf7+ Qxf7 16. Bg2 Nf4 17. Qf1 Be7 18. h3 Qg6 19. Bf3 O-O 20. Kb1 Rac8 21. Rg1
Qh6 22. Bg4 Nxg4 23. Rxg4 Nxh3 24. Qh1 Rf6 25. Rg2 Rc5 26. Nde2 Rh5 27. Qe1 e5
28. Bc1 Nf4 29. Qg1 Qh7 30. Nxf4 exf4 31. Qxb6 Bxe4 32. Nxe4 Qxe4 33. Rdg1 Rf7
34. Bb2 g5 35. Qb8+ Rf8 36. Qc7 1/2-1/2

[Event "Mechanics' Winter TNM; G/2"]
[Site "San Francisco"]
[Date "2016.01.26"]
[Round "4.2"]
[White "Critelli, James Ma"]
[Black "Walder, Michael S"]
[Result "1-0"]
[WhiteElo "2366"]
[BlackElo "2123"]
[Annotator "Donaldson"]
[PlyCount "49"]
[EventDate "2016.??.??"]

1. e4 c5 2. Nf3 d6 3. d4 cxd4 4. Nxd4 Nf6 5. Nc3 a6 6. f4 e6 7. Bd3 Be7 (7...
Nbd7 8. O-O (8. a4 b6 9. Qe2 Bb7 10. Bd2 Qc7 {Kan}) 8... b5) 8. Qe2 O-O 9. Bd2
Nc6 10. Nb3 Qc7 11. O-O b5 12. a4 b4 13. Nd1 e5 14. f5 (14. Ne3 exf4 15. Rxf4
Be6 16. Nd5 Bxd5 17. exd5 Ne5 18. Rxb4 Nxd5 19. Rd4 Nf6 20. Bg5 Rfe8 21. Kh1 d5
22. Bxf6 Bxf6 23. Rxd5 Nxd3 24. Qxd3 Bxb2 25. Rf1 Rad8 26. Rxd8 Rxd8 27. Qxa6
Qxc2 28. Qb7 Bf6 29. g3 h5 30. a5 Rd3 31. Qa8+ Bd8 32. a6 Qxb3 33. a7 Qa2 34.
Qe4 Ra3 35. Qe8+ Kh7 36. Qxd8 Rxa7 37. Qd3+ g6 38. Qd4 Re7 39. Qf6 Qe6 40. Qf4
Kg7 41. Qd4+ Qe5 42. Qd8 Qe4+ 43. Kg1 Rb7 44. Qf6+ Kh7 45. Qc3 Re7 46. Qb2 Qe3+
47. Kh1 Qe4+ 48. Kg1 f5 49. Qf6 Rd7 50. Qf8 Qe3+ 51. Kh1 Qe2 52. Kg1 Qe3+ 53.
Kh1 Qe2 54. Kg1 h4 55. gxh4 Qe3+ 56. Kh1 Qe4+ 57. Kg1 Rd2 58. Qf7+ Kh6 59. Qf8+
Kh5 60. Qh8+ Kg4 61. h3+ Kxh3 62. Qc3+ Rd3 63. Qb2 Rg3+ 64. Kf2 Rg2# {
0-1 (64) Nikolova,A (2304)-Djingarova,E (2334) Sunny Beach 2009}) 14... d5 15.
Nf2 Bb7 16. exd5 Nxd5 17. Ne4 f6 18. Qh5 Nd4 (18... Nd8) 19. Nxd4 exd4 20. Rf3
Ne3 21. Rh3 h6 22. Qg6 Bc8 23. Bxe3 dxe3 24. b3 (24. Rxh6 Bxf5 25. Qxf5) 24...
Qf4 25. Rg3 1-0

[Event "Mechanics' Spring TNM; G/2"]
[Site "San Francisco"]
[Date "2016.04.19"]
[Round "6.1"]
[White "Critelli, James Ma"]
[Black "Winslow, Elliott C"]
[Result "0-1"]
[WhiteElo "2366"]
[BlackElo "2295"]
[Annotator "Winslow"]
[PlyCount "105"]
[EventDate "2016.??.??"]

1. e4 c5 2. b3 d6 3. Bb2 e5 4. Bc4 Nf6 5. Nc3 Be7 6. Nge2 O-O 7. d3 Nc6 8. O-O
Be6 9. f4 ({Relevant:} 9. h3 Nh5 10. Nd5 Bg5 11. f4 exf4 12. Ndxf4 Nxf4 13.
Nxf4 Bxf4 14. Rxf4 Qg5 15. Qd2 Ne5 16. Raf1 Rae8 17. Bxe6 Rxe6 18. Bxe5 Rxe5
19. Qf2 {1/2-1/2 (19) Izoria,Z (2585)-Amanov,M (2510) Wheeling 2013}) 9... Ng4
10. Qd2 exf4 11. Nxf4 Bxc4 12. dxc4 Bf6 13. Nd1 $146 ({Predecessor:} 13. Rae1
Bd4+ 14. Kh1 Qh4 15. g3 Qh6 16. Nd1 Bxb2 17. Nxb2 Rae8 18. Nd1 Nce5 19. Ne3
Nxe3 20. Rxe3 Ng4 21. Re2 Re5 22. Kg1 Rfe8 23. h3 Nf6 24. Qxd6 Qg5 25. Nd5 Nxd5
26. cxd5 Qxg3+ 27. Rg2 Qxh3 28. Rxg7+ Kxg7 29. Qf6+ Kg8 30. Qxf7+ Kh8 31. Qf6+
{1/2-1/2 (31) Bitensky,I (2399)-Raznikov,D (2354) Petah Tiqwa 2010}) 13... Bxb2
14. Nxb2 Qh4 15. Nh3 Rad8 16. Nd1 Nf6 17. Rf4 Qh6 18. Ne3 Rfe8 19. Nf5 Qg6 20.
Nf2 Ne5 21. Qd1 h5 22. Qf1 Neg4 23. Re1 Nxf2 24. Qxf2 Re6 25. Qh4 Rde8 26. Re3
Ng4 27. Rd3 (27. Rg3 Rxe4 28. Rxe4 Rxe4 29. Ne7+ Kh7) 27... Qf6 28. Qxf6 (28.
Qxh5 Qa1+ 29. Rf1 Qxf1+ 30. Kxf1 Rxe4) 28... Rxf6 (28... Nxf6) 29. h3 Ne5 30.
Rxd6 Rxd6 31. Nxd6 Re7 32. Nc8 Re8 33. Nxa7 Ra8 34. Nb5 Rxa2 35. Rf2 b6 36. Nc3
Ra7 37. Rd2 Nc6 38. Nb5 (38. Na4) 38... Re7 39. Rd6 Nb4 40. Rxb6 Rxe4 41. Rb8+
Kh7 42. Rc8 Nxc2 43. Rxc5 g6 44. Kf2 Ne1 45. Rd5 Nc2 46. Rd7 Rf4+ 47. Kg3 g5
48. Nd6 Kg6 49. Re7 Nd4 50. c5 h4+ 51. Kh2 Rf2 52. Re4 $4 {all but out of time}
(52. Kg1 Rc2 (52... Rb2 53. Re4 $14 (53. Rxf7 Rxb3 54. Rf8 $14)) 53. b4 f5 $11)
52... Nf3+ 53. Kh1 {0-1 (53) Critelli,J-Winslow,E Berkeley 2016} 0-1

[Event "Mechanics' Spring TNM; G/2"]
[Site "San Francisco"]
[Date "2016.04.05"]
[Round "4.1"]
[White "Critelli, James Ma"]
[Black "Wong, Russell"]
[Result "1-0"]
[WhiteElo "2366"]
[BlackElo "2200"]
[PlyCount "71"]
[EventDate "2016.??.??"]

1. c4 e5 2. Nc3 g6 3. g3 (3. d4 $1) 3... Bg7 4. Bg2 Nc6 5. d3 d6 6. Nh3 Nge7 7.
f4 O-O 8. O-O h6 9. Bd2 Be6 10. Nd5 Nd4 11. e3 Ndf5 12. Qe1 c6 13. Nxe7+ Nxe7
14. Bc3 Qd7 15. Nf2 f5 16. b3 Rae8 17. Qd2 exf4 18. Bxg7 Kxg7 19. Qc3+ Kh7 20.
exf4 Ng8 21. a4 Nf6 22. b4 d5 23. b5 Rc8 24. Rfe1 d4 25. Qa5 b6 26. bxc6 bxa5
27. cxd7 Bxd7 28. Re5 Rfe8 29. Rxa5 Rc7 30. Kf1 g5 31. fxg5 hxg5 32. Re1 Kg6
33. Ra6 Rxe1+ 34. Kxe1 Bc8 35. Ra5 Rh7 36. h3 {
Remaining moves illegible. White won in a few moves.} 1-0

[Event "Mechanics' Fall TNM; G/2"]
[Site "San Francisco"]
[Date "2016.12.13"]
[Round "9.14"]
[White "Crofts, Jacob T"]
[Black "Askin, David Benja"]
[Result "0-1"]
[WhiteElo "774"]
[BlackElo "1942"]
[PlyCount "84"]
[EventDate "2016.??.??"]

1. b4 e5 2. Bb2 Bxb4 3. Bxe5 Nf6 4. c4 c5 5. e3 O-O 6. Nf3 Re8 7. Bb2 d5 8.
cxd5 Nxd5 9. Bc4 Nc6 10. a3 Ba5 11. Qb3 Be6 12. O-O Bb6 13. Qc2 Rc8 14. Nc3
Nxe3 15. dxe3 Bxc4 16. Rfd1 Qe7 17. Qf5 Be6 18. Qh5 Rcd8 19. Ng5 h6 20. Nxe6
Qxe6 21. Nd5 Rd6 22. Nf4 Qe7 23. Qg4 Ne5 24. Qg3 Red8 25. Rxd6 Rxd6 26. Nh5 f6
27. Nxf6+ Rxf6 28. Bxe5 Re6 29. Bf4 Ba5 30. Rd1 b6 31. Bc7 Bc3 32. Rd6 Rxd6 33.
Qxd6 Qe4 34. Qd1 c4 35. h3 Bb2 36. Qa4 Qb1+ 37. Kh2 Qe4 38. Qb4 Be5+ 39. Bxe5
Qxe5+ 40. g3 c3 41. Qc4+ Kh8 42. e4 Qc5 0-1

[Event "Mechanics' Fall TNM; G/2"]
[Site "San Francisco"]
[Date "2016.10.25"]
[Round "2.27"]
[White "Crofts, Jacob T"]
[Black "McKellar, Daniel"]
[Result "0-1"]
[WhiteElo "774"]
[BlackElo "1745"]
[PlyCount "84"]
[EventDate "2016.??.??"]

1. e4 c5 2. Nf3 g6 3. Bc4 Nc6 4. O-O Bg7 5. c3 e6 6. d4 d5 7. exd5 exd5 8. Re1+
Nge7 9. Bb5 cxd4 10. Nxd4 O-O 11. Nxc6 bxc6 12. Qe2 Be6 13. Ba4 Qc7 14. Bg5 Nf5
15. g4 Nh6 16. h3 Qd7 17. f3 Kh8 18. Qd2 Ng8 19. Be3 f5 20. Bd4 fxg4 21. Bxg7+
Kxg7 22. Qd4+ Nf6 23. fxg4 Kg8 24. Nd2 Rae8 25. Rf1 Qd6 26. Qf4 Qc5+ 27. Qf2
Qd6 28. Qh4 Ne4 29. Nxe4 dxe4 30. Bb3 Rxf1+ 31. Rxf1 Bxb3 32. axb3 e3 33. g5
Re6 34. Qg4 e2 35. Re1 Qe5 36. Kf2 Qe3+ 37. Kg2 c5 38. Qg3 Qd2 39. Qb8+ Kf7 40.
Qb7+ Re7 41. Qf3+ Kg8 42. Qa8+ Kg7 0-1

[Event "Mechanics' Fall TNM; G/2"]
[Site "San Francisco"]
[Date "2016.11.22"]
[Round "6.31"]
[White "Crofts, Jacob T"]
[Black "Morgan, Jerry D"]
[Result "1-0"]
[WhiteElo "774"]
[BlackElo "1556"]
[PlyCount "104"]
[EventDate "2016.??.??"]

1. b4 d5 2. Bb2 Bg4 3. Nf3 Bxf3 4. gxf3 e6 5. e3 Qg5 6. f4 Qh6 7. Qg4 Ne7 8. c4
Nd7 9. c5 c6 10. a4 Nf5 11. Bd3 Nf6 12. Qg5 Ne4 13. Qxh6 Nxh6 14. f3 Nf6 15.
Bd4 Nd7 16. Rg1 f6 17. Na3 e5 18. fxe5 fxe5 19. Bb2 g6 20. f4 Nf7 21. fxe5
Nfxe5 22. Be2 Bg7 23. Rb1 Rf8 24. d4 Nf3+ 25. Bxf3 Rxf3 26. Ke2 Rf7 27. b5 Nf6
28. Rgf1 Ne4 29. Rxf7 Kxf7 30. bxc6 bxc6 31. Ba1 Re8 32. a5 Bh6 33. Rb7+ Re7
34. a6 Nxc5 35. Rxe7+ Kxe7 36. dxc5 Ke6 37. Nc2 Bf8 38. Bd4 g5 39. Nb4 Kd7 40.
Kf3 h5 41. Nd3 Ke6 42. Ne5 Bxc5 43. Nxc6 Kd6 44. Bxc5+ Kxc5 45. Nxa7 Kb6 46.
Nc8+ Kxa6 47. Ne7 d4 48. exd4 Kb6 49. Ke4 Kc7 50. Ke5 Kd7 51. Ng8 g4 52. Nf6+
Kc8 1-0

[Event "Mechanics' Fall TNM; G/2"]
[Site "San Francisco"]
[Date "2016.11.08"]
[Round "4.38"]
[White "Crofts, Jacob T"]
[Black "Yamamoto, Craig"]
[Result "1-0"]
[WhiteElo "774"]
[BlackElo "1523"]
[PlyCount "27"]
[EventDate "2016.??.??"]

1. e4 e5 2. Nf3 Nc6 3. d4 exd4 4. Nxd4 Nxd4 5. Qxd4 d6 6. Nc3 Nf6 7. Bg5 Be7 8.
O-O-O O-O 9. e5 dxe5 10. Qxe5 Bd7 11. Ne4 Nxe4 12. Bxe7 Re8 13. Qxe4 Qxe7 14.
Qxb7 {Black resigned prematurely. After 14...Be6 he would have had reasonable
compensation for the pawn.} 1-0

[Event "Mechanics' Summer TNM; G/2"]
[Site "San Francisco"]
[Date "2016.05.24"]
[Round "1.13"]
[White "Cunningham, Charle"]
[Black "Wang, Yuan"]
[Result "0-1"]
[WhiteElo "1416"]
[BlackElo "2054"]
[PlyCount "41"]
[EventDate "2016.??.??"]

1. e4 c5 2. c4 Nc6 3. Nf3 Nf6 4. Nc3 g6 5. d3 Bg7 6. Rb1 O-O 7. h3 e6 8. h4 h6
9. h5 g5 10. Nxg5 hxg5 11. Bxg5 Qc7 12. Ne2 d5 13. Ng3 dxe4 14. dxe4 Rd8 15.
Qc2 Qa5+ 16. Bd2 Qxa2 17. Bd3 Nd4 18. Qd1 Bd7 19. O-O Ba4 20. Qc1 Nb3 21. Qc3 {
and Black won in a few more moves which are not available.} 0-1

[Event "Mechanics' Summer TNM; G/2"]
[Site "San Francisco"]
[Date "2016.06.14"]
[Round "4.33"]
[White "Cunningham, Charles"]
[Black "Babayan, Gagik"]
[Result "0-1"]
[WhiteElo "1416"]
[BlackElo "1861"]
[PlyCount "104"]
[EventDate "2016.??.??"]

1. e4 d5 2. e5 Bf5 3. d4 e6 4. Bb5+ c6 5. Ba4 a5 6. c3 b5 7. Bc2 Bxc2 8. Qxc2
Ne7 9. Bg5 h6 10. Bh4 Qb6 11. Ne2 Nd7 12. Nd2 Ng6 13. Bg3 Be7 14. Nf3 Rc8 15.
Nf4 Nxf4 16. Bxf4 O-O 17. O-O c5 18. Qd2 Kh7 19. h4 f5 20. exf6 Nxf6 21. g3 Ne4
22. Qe3 Bd6 23. Ne5 Bxe5 24. Bxe5 c4 25. Kg2 Rf7 26. f3 Nf6 27. g4 Nd7 28. Bg3
Re8 29. h5 b4 30. Rf2 Qc6 31. f4 Nf6 32. Qe2 Ne4 33. Rf3 Ref8 34. Raf1 bxc3 35.
bxc3 Qb5 36. Bh4 Rb7 37. Rc1 a4 38. g5 hxg5 39. fxg5 Rxf3 40. Kxf3 Qb2 41. Rc2
Qb1 42. a3 Qg1 43. g6+ Kh8 44. Qg2 Qd1+ 45. Kf4 Qxh5 46. Qg4 Qxg4+ 47. Kxg4 Rb3
48. Rc1 Rxa3 49. Rf1 Nf6+ 50. Bxf6 gxf6 51. Rxf6 Rxc3 52. Kg5 Rg3+ 0-1

[Event "Mechanics' Spring TNM; G/2"]
[Site "San Francisco"]
[Date "2016.04.05"]
[Round "4.26"]
[White "Cunningham, Charles"]
[Black "Bacus, Ephraim Cub"]
[Result "0-1"]
[WhiteElo "1416"]
[BlackElo "1836"]
[PlyCount "44"]
[EventDate "2016.??.??"]

1. e4 c5 2. Nf3 g6 3. d4 cxd4 4. Nxd4 Bg7 5. Bc4 Nc6 6. Nxc6 bxc6 7. O-O Nf6 8.
Nc3 O-O 9. Qd3 Qc7 10. h3 e6 11. Bg5 a5 12. Qf3 Qe5 13. Bh4 Qh5 14. Qxh5 Nxh5
15. Na4 Rb8 16. c3 d5 17. Bd3 Nf6 18. Bg3 Rb7 19. e5 Nd7 20. f4 c5 21. c4 Rd8
22. Be1 Re8 {Black later won. Remaining moves unavailable.} 0-1

[Event "Mechanics' Fall TNM; G/2"]
[Site "San Francisco"]
[Date "2016.11.08"]
[Round "4.37"]
[White "Cunningham, Charles"]
[Black "Capdeville, Barry"]
[Result "1-0"]
[WhiteElo "1524"]
[BlackElo "1224"]
[PlyCount "97"]
[EventDate "2016.??.??"]

1. e4 e5 2. Nf3 Nf6 3. Nxe5 d6 4. Nf3 Nxe4 5. Bb5+ c6 6. Bd3 d5 7. O-O Nd7 8.
Re1 Ndf6 9. Bxe4 dxe4 10. d3 Be7 11. Ne5 O-O 12. d4 Qc7 13. Bg5 Bf5 14. c3 c5
15. Na3 a6 16. Bxf6 Bxf6 17. g4 Bxe5 18. dxe5 Bg6 19. Qd6 Qxd6 20. exd6 b5 21.
Rad1 f5 22. Rd5 Rac8 23. Nc2 f4 24. b4 e3 25. Re2 Bxc2 26. Rxc2 cxb4 27. d7
Rcd8 28. cxb4 Kf7 29. fxe3 Ke6 30. e4 Rxd7 31. Rc6+ Ke7 32. Rxa6 Rxd5 33. exd5
Rd8 34. Re6+ Kf7 35. Re5 Kf6 36. Rf5+ Ke7 37. d6+ Rxd6 38. Rxb5 Rd1+ 39. Kf2
Rd2+ 40. Kf3 Rxa2 41. h4 Kd6 42. Kxf4 Kc6 43. Rc5+ Kb6 44. Ke5 Ra4 45. Rc4 Kb5
46. Rf4 Rxb4 47. Rxb4+ Kxb4 48. Ke6 Kc5 49. Kf7 1-0

[Event "Mechanics' Fall TNM; G/2"]
[Site "San Francisco"]
[Date "2016.11.29"]
[Round "7.34"]
[White "Cunningham, Charles"]
[Black "Casares Jr, Nick"]
[Result "0-1"]
[WhiteElo "1524"]
[BlackElo "1617"]
[PlyCount "60"]
[EventDate "2016.??.??"]

1. e4 e5 2. Nf3 Nc6 3. Bc4 Nf6 4. d3 d5 5. exd5 Nxd5 6. O-O Be7 7. Re1 Nb6 8.
Bb5 O-O 9. Bxc6 bxc6 10. Nxe5 Bb7 11. a3 c5 12. Nc3 Re8 13. Ne4 Bf6 14. Nf3 Be7
15. Bg5 f6 16. Be3 Nd7 17. c3 Kh8 18. Ng3 Ne5 19. Nxe5 fxe5 20. c4 Qd7 21. Ne4
Bxe4 22. dxe4 Rad8 23. Qxd7 Rxd7 24. Red1 Bd6 25. Bxc5 a5 26. Rd5 Red8 27. Rad1
Kg8 28. b4 Kf7 29. b5 Ke6 30. a4 $4 (30. Bxd6) 30... Bxc5 0-1

[Event "Mechanics' Spring TNM; G/2"]
[Site "San Francisco"]
[Date "2016.04.19"]
[Round "6.26"]
[White "Cunningham, Charles"]
[Black "Cohee, James"]
[Result "1/2-1/2"]
[WhiteElo "1416"]
[BlackElo "1673"]
[PlyCount "70"]
[EventDate "2016.??.??"]

1. e4 c5 2. Nf3 e6 3. b3 Nc6 4. Bb5 d6 5. Bxc6+ bxc6 6. c4 e5 7. h3 Be7 8. O-O
Nf6 9. d3 O-O 10. Bg5 h6 11. Bh4 Nh7 12. Bg3 f5 13. exf5 Bxf5 14. Nc3 Nf6 15.
Re1 Qd7 16. Nh4 Bh7 17. Re3 g5 18. Nf3 Nh5 19. Nxe5 dxe5 20. Qxh5 Rf6 21. Bxe5
Re6 22. Qg4 Rf8 23. Bg3 Bf5 24. Qe2 Bf6 25. Be5 Bxe5 26. Rxe5 Ref6 27. Ne4 Bxe4
28. Qxe4 Rxf2 29. Re7 Qf5 30. Qxf5 R8xf5 31. Rxa7 Rd2 32. Rc7 Rff2 33. Rc8+ Kg7
34. Rc7+ Kg8 35. Rc8+ Kg7 1/2-1/2

[Event "Mechanics' Fall TNM; G/2"]
[Site "San Francisco"]
[Date "2016.12.13"]
[Round "9.40"]
[White "Cunningham, Charles"]
[Black "Doyle, Bryon"]
[Result "0-1"]
[WhiteElo "1524"]
[BlackElo "2202"]
[PlyCount "58"]
[EventDate "2016.??.??"]

1. e4 e5 2. Nc3 Nf6 3. Nf3 Nc6 4. Bb5 Bc5 5. Bxc6 dxc6 6. h3 O-O 7. d3 h6 8.
Nxe5 Bxf2+ 9. Kxf2 Qd4+ 10. Be3 Qxe5 11. Qf3 Nh7 12. d4 Qe7 13. Qg3 f5 14. Bxh6
fxe4+ 15. Ke3 Rf6 16. Bf4 Be6 17. Nxe4 Bf5 18. Be5 Rg6 19. Qh2 Qe6 20. g4 Bxe4
21. Kxe4 Ng5+ 22. Ke3 Qd5 23. Rhf1 Qe4+ 24. Kf2 Rf8+ 25. Kg1 Nf3+ 26. Rxf3 Rxf3
27. Qg2 Qe3+ 28. Kh1 Rxh3+ 29. Bh2 {Diagram [#]} Rxh2+ 0-1

[Event "Mechanics' Fall TNM; G/2"]
[Site "San Francisco"]
[Date "2016.11.22"]
[Round "6.24"]
[White "Cunningham, Charles"]
[Black "Drane, Robert W"]
[Result "0-1"]
[WhiteElo "1524"]
[BlackElo "1953"]
[Annotator "Donaldson"]
[PlyCount "28"]
[EventDate "2016.??.??"]

1. e4 Nf6 2. Nc3 d5 3. exd5 Nxd5 4. Qf3 Nf6 (4... Nxc3 5. Bc4 e6 6. Qxc3) 5. h3
Nc6 6. a3 Nd4 7. Qd1 Bf5 8. d3 h6 9. Be3 e6 10. Nf3 c5 11. Bxd4 cxd4 12. Nb5
Qa5+ 13. b4 Qxb5 14. Nxd4 Bxb4+ 0-1